[Event "Druga liga Srbije-Vojvodina 2014"]
[Site "Kac, hotel "]
[Date "2014.11.09"]
[Round "2.5"]
[White "Curakovic, Dragan"]
[Black "Dimitrijevic, Nenad"]
[Result "1-0"]
[WhiteElo "2140"]
[BlackElo "2246"]
[PlyCount "103"]
[EventDate "2014.11.08"]

1. e4 c5 2. Nf3 e6 3. Nc3 a6 4. d4 cxd4 5. Nxd4 Qc7 6. a3 Nf6 7. Be2 Nc6 8. O-O
Be7 9. Be3 d6 10. Qd2 Ne5 11. h3 Nc4 12. Bxc4 Qxc4 13. Qd3 Qc7 14. f4 b5 15. f5
e5 16. Nb3 Bb7 17. Bg5 O-O 18. Rad1 Rfd8 19. Bxf6 Bxf6 20. Nd5 Bxd5 21. exd5 e4
22. Qxe4 Re8 23. Qd3 Bxb2 24. Kh1 Rac8 25. Rfe1 Re5 26. Rxe5 Bxe5 27. Nd4 Bxd4
28. Qxd4 Qxc2 29. f6 Rc4 30. Re1 Rc8 31. Qg4 g6 32. Qd7 Rf8 33. Qxd6 Qf2 34.
Qe7 h5 35. d6 Qd2 36. d7 Kh7 37. Rg1 Kg8 38. Rf1 a5 39. Re1 Kh7 40. Re4 Qc1+
41. Kh2 Qc7+ 42. g3 Qc2+ 43. Re2 Qd3 44. h4 b4 45. axb4 axb4 46. Rb2 Kg8 47.
Ra2 Qd5 48. Rc2 Ra8 49. Rc8+ Kh7 50. Rxa8 Qd2+ 51. Kh3 Qc2 52. Qxb4 1-0

[Event "Druga liga Srbije-Vojvodina 2014"]
[Site "Kac, hotel "]
[Date "2014.11.09"]
[Round "2.6"]
[White "Czebe, Attila"]
[Black "Indjic, Aleksandar"]
[Result "0-1"]
[WhiteElo "2437"]
[BlackElo "2538"]
[PlyCount "82"]
[EventDate "2014.11.08"]

1. e4 c5 2. Nf3 d6 3. d4 cxd4 4. Nxd4 Nf6 5. Nc3 a6 6. Qe2 g6 7. f3 e5 8. Nb3
Be6 9. Be3 Nbd7 10. O-O-O h5 11. g3 Rc8 12. h3 b5 13. Qf2 Rxc3 14. bxc3 Qc7 15.
Bd3 d5 16. Kb2 Be7 17. Ra1 O-O 18. a4 Rc8 19. Qd2 dxe4 20. fxe4 Nb6 21. Bxb6
Qxb6 22. axb5 axb5 23. Ra5 b4 24. Rb5 Qxb5 25. Bxb5 bxc3+ 26. Qxc3 Ba3+ 27.
Kxa3 Rxc3 28. Bd3 Bxb3 29. Kb2 Rxd3 30. cxd3 Be6 31. Kc3 Kg7 32. h4 Ng4 33. Ra1
f5 34. d4 fxe4 35. dxe5 e3 36. Ra7+ Kf8 37. Kd3 Ke8 38. Rc7 Bc4+ 39. Rxc4 Nxe5+
40. Kxe3 Nxc4+ 41. Kf4 Kf7 0-1

[Event "Druga liga Srbije-Vojvodina 2014"]
[Site "Kac, hotel "]
[Date "2014.11.09"]
[Round "2.6"]
[White "Vukic, Milan"]
[Black "Tancik, Kristijan"]
[Result "1/2-1/2"]
[WhiteElo "2396"]
[BlackElo "2255"]
[PlyCount "56"]
[EventDate "2014.11.08"]

1. Nf3 Nf6 2. g3 g6 3. b3 Bg7 4. Bb2 O-O 5. Bg2 d5 6. c4 c6 7. O-O Bg4 8. d3
Nbd7 9. Nbd2 Re8 10. h3 Bxf3 11. Nxf3 e5 12. cxd5 cxd5 13. Ne1 Rc8 14. Nc2 Qb6
15. Ne3 Qe6 16. d4 e4 17. Qd2 Bf8 18. Rfc1 Qb6 19. Rxc8 Rxc8 20. Rc1 Rc6 21.
Rxc6 bxc6 22. Bc3 Bh6 23. Qb2 Bxe3 24. fxe3 Qb8 25. Be1 Qd6 26. Qc3 Qa3 27. Qa5
Qxa5 28. Bxa5 Ne8 1/2-1/2

[Event "Druga liga Srbije-Vojvodina 2014"]
[Site "Kac, hotel "]
[Date "2014.11.09"]
[Round "2.6"]
[White "Bulajic, Ratko"]
[Black "Stupavski, Zdenko"]
[Result "1-0"]
[WhiteElo "2292"]
[BlackElo "2413"]
[PlyCount "123"]
[EventDate "2014.11.08"]

1. d4 Nf6 2. c4 g6 3. Nf3 Bg7 4. g3 O-O 5. Bg2 d6 6. Nc3 c6 7. O-O Qb6 8. h3
Qa6 9. Qb3 Nbd7 10. e4 e5 11. dxe5 dxe5 12. Be3 Re8 13. c5 Bf8 14. Ng5 Re7 15.
Qc2 h6 16. Nf3 b6 17. cxb6 axb6 18. Rfd1 b5 19. a4 bxa4 20. Rxa4 Qb7 21. Rxa8
Qxa8 22. Na4 Re6 23. Nd2 Ba6 24. Nc4 Bb5 25. b3 Qb8 26. Bf1 Qc7 27. Nc3 Ba6 28.
Ra1 Nb8 29. Na4 Nfd7 30. Rd1 Bb5 31. h4 h5 32. Bh3 Re8 33. Ncb6 Nf6 34. Nc3 Ba6
35. Ncd5 Nxd5 36. Nxd5 Qd6 37. Bc5 Qxc5 38. Nf6+ Kh8 39. Qxc5 Bxc5 40. Nxe8 Bd4
41. Nd6 Kg7 42. Rd2 Kf6 43. Bf1 Bxf1 44. Kxf1 Ke6 45. Nb7 f5 46. f3 Na6 47. Ra2
Nc7 48. Ke2 Kd7 49. Rc2 Ne6 50. b4 f4 51. g4 Be3 52. gxh5 Nd4+ 53. Kd3 gxh5 54.
Rg2 Nxf3 55. Rg7+ Ke6 56. Rh7 Ne1+ 57. Ke2 Nc2 58. Nd8+ Kd6 59. Rxh5 Nxb4 60.
Nf7+ Ke6 61. Nxe5 c5 62. Nf3 1-0

[Event "Druga liga Srbije-Vojvodina 2014"]
[Site "Kac, hotel "]
[Date "2014.11.09"]
[Round "2.6"]
[White "Elez, Nikola"]
[Black "Strangar, Zlatko"]
[Result "1/2-1/2"]
[WhiteElo "2168"]
[BlackElo "2243"]
[PlyCount "99"]
[EventDate "2014.11.08"]

1. e4 e6 2. Qe2 c5 3. Nf3 Nc6 4. g3 Be7 5. Bg2 d5 6. d3 Nf6 7. O-O O-O 8. c3 b5
9. Nbd2 a5 10. Rd1 a4 11. d4 Qb6 12. exd5 exd5 13. Ne5 Re8 14. Ndf3 Bf5 15. Be3
a3 16. b3 c4 17. Nxc6 Qxc6 18. Ne5 Qc7 19. bxc4 bxc4 20. g4 Be4 21. g5 Nd7 22.
Bxe4 dxe4 23. Qxc4 Qxc4 24. Nxc4 Rac8 25. Nd2 Rxc3 26. Nxe4 Rc2 27. Rd2 Rxd2
28. Nxd2 Nb6 29. Rb1 Nd5 30. Rb3 Rc8 31. Nb1 Rc2 32. Nxa3 Rxa2 33. Rb8+ Bf8 34.
Nc4 g6 35. Rd8 Nxe3 36. fxe3 Kg7 37. Rd7 Re2 38. h4 Kg8 39. Rb7 h6 40. Kf1 Rh2
41. Ne5 Rxh4 42. Nxf7 hxg5 43. Nxg5 Bh6 44. Rb6 Kg7 45. Rb5 Kf6 46. Nf3 Re4 47.
Rb6+ Kf5 48. Rb5+ Kf6 49. Ne5 Bxe3 50. Rb6+ 1/2-1/2

[Event "Druga liga Srbije-Vojvodina 2014"]
[Site "Kac, hotel "]
[Date "2014.11.09"]
[Round "2.6"]
[White "Tokovic, Svetozar"]
[Black "Gavric, Zivojin"]
[Result "1-0"]
[WhiteElo "2235"]
[BlackElo "2104"]
[PlyCount "87"]
[EventDate "2014.11.08"]

1. Nf3 d5 2. d4 Nf6 3. c4 c6 4. Nc3 g6 5. e3 Bg7 6. Bd3 O-O 7. O-O Nbd7 8. b4
Re8 9. Qb3 Nb6 10. cxd5 cxd5 11. a4 Bf5 12. Bb5 Bd7 13. Be2 Bg4 14. a5 Nc8 15.
h3 Bxf3 16. Bxf3 e6 17. a6 bxa6 18. Rxa6 Rb8 19. Bd2 Re7 20. Na4 Reb7 21. Nc5
Rb6 22. Rfa1 Bf8 23. Be2 Nd7 24. Qa4 Nf6 25. Bd3 Rxa6 26. Bxa6 Nb6 27. Qc2 Nbd7
28. Bd3 Nxc5 29. dxc5 Qc7 30. Qa4 Ra8 31. Qa5 Ne8 32. Bb5 Qc8 33. Qa4 Nc7 34.
Bc6 Rb8 35. Qxa7 Bg7 36. Rb1 d4 37. b5 Nd5 38. Bxd5 exd5 39. c6 dxe3 40. Bxe3
Be5 41. Qc5 Qf5 42. Rd1 Bc7 43. Qe7 Qc2 44. Rc1 1-0

[Event "Druga liga Srbije-Vojvodina 2014"]
[Site "Kac, hotel "]
[Date "2014.11.09"]
[Round "2.6"]
[White "Indjic, Stefan"]
[Black "Roganovic, Nebojsa"]
[Result "1/2-1/2"]
[WhiteElo "2080"]
[BlackElo "2197"]
[PlyCount "32"]
[EventDate "2014.11.08"]

1. g3 d5 2. Bg2 Nf6 3. Nf3 c5 4. O-O Nc6 5. c4 e6 6. cxd5 Nxd5 7. d4 Nf6 8. Qa4
Bd7 9. dxc5 Bxc5 10. Qc4 Qb6 11. Nc3 Na5 12. Qf4 O-O 13. Ne5 Be8 14. Na4 Bxa4
15. Qxa4 Rfd8 16. Bg5 Qb4 1/2-1/2

[Event "Druga liga Srbije- Grupa Vojvodina 2014"]
[Site "Kac, hotel "]
[Date "2014.11.11"]
[Round "5.1"]
[White "Simonyi, Zoltan"]
[Black "Kokeza, Mirko"]
[Result "0-1"]
[WhiteElo "2282"]
[BlackElo "2265"]
[PlyCount "92"]
[EventDate "2014.11.08"]

1. d4 d5 2. Nf3 c5 3. dxc5 Nf6 4. a3 a5 5. Nc3 e6 6. Be3 Ng4 7. Qd2 Nxe3 8.
Qxe3 Nd7 9. Nxd5 Bxc5 10. Qe4 O-O 11. Nf4 Nf6 12. Qc4 b6 13. e3 Bb7 14. Be2 Rc8
15. Qb3 Qc7 16. c3 e5 17. Nh3 Rcd8 18. Bc4 h6 19. Nhg1 Ne4 20. Ne2 Nd6 21. Bd5
a4 22. Qa2 Ne4 23. c4 b5 24. O-O Kh8 25. Rfd1 Bxd5 26. cxd5 f5 27. Ng3 Nxf2 28.
Kxf2 e4 29. Nd4 f4 30. Nge2 f3 31. Ng3 Bxd4 32. Rac1 Bxe3+ 33. Kxe3 Qf4+ 34.
Kf2 e3+ 35. Kg1 e2 36. gxf3 exd1=Q+ 37. Rxd1 Qxf3 38. Rf1 Qe3+ 39. Kg2 Rxf1 40.
Kxf1 Qf3+ 41. Ke1 Rxd5 42. Qb1 Re5+ 43. Kd2 Qe3+ 44. Kc2 Rc5+ 45. Kd1 Rd5+ 46.
Kc2 Qb3+ 0-1

[Event "Druga liga Srbije- Grupa Vojvodina 2014"]
[Site "Kac, hotel "]
[Date "2014.11.11"]
[Round "5.1"]
[White "Markovic, Milovan"]
[Black "Nagy, Attila N"]
[Result "0-1"]
[WhiteElo "2259"]
[BlackElo "2221"]
[PlyCount "64"]
[EventDate "2014.11.08"]

1. d4 Nf6 2. c4 g6 3. Nc3 d5 4. Bg5 Ne4 5. Nxe4 dxe4 6. Qd2 Bg7 7. Rd1 c5 8. d5
h6 9. Be3 Qb6 10. Rb1 a5 11. g3 Nd7 12. Bg2 Ne5 13. Bxe4 Nxc4 14. Qd3 Qb4+ 15.
Kf1 Nd6 16. Bf3 Bf5 17. Qd1 Bxb1 18. Qxb1 Nc4 19. Bc1 Bxb2 20. Kg2 Bg7 21. Qc2
O-O 22. h4 Nd6 23. Nh3 Qc4 24. Qb1 Nb5 25. Bf4 Nd4 26. Rc1 Qb4 27. Qd3 Nxf3 28.
Kxf3 Rad8 29. Rc4 Qb5 30. Bc7 Rc8 31. Bf4 Qd7 32. a4 Qxh3 0-1

[Event "Druga liga Srbije- Grupa Vojvodina 2014"]
[Site "Kac, hotel "]
[Date "2014.11.11"]
[Round "5.1"]
[White "Lorinc, Sandor"]
[Black "Vukovic, Miroslav R"]
[Result "0-1"]
[WhiteElo "2168"]
[BlackElo "2183"]
[PlyCount "108"]
[EventDate "2014.11.08"]

1. d4 d5 2. Nf3 Nf6 3. Bf4 e6 4. e3 c5 5. Nc3 c4 6. Be2 Qa5 7. O-O Bb4 8. Nb1
O-O 9. c3 Be7 10. Nbd2 Nc6 11. e4 b5 12. Ne5 Qb6 13. Bf3 Bb7 14. Qe2 Rfe8 15.
Rfd1 Rad8 16. Nxc6 Bxc6 17. e5 Nd7 18. Nf1 a5 19. Rac1 b4 20. Bd2 Rb8 21. b3
Bb5 22. Qe1 Ba6 23. Ne3 Rec8 24. bxc4 dxc4 25. Bg4 b3 26. Rb1 a4 27. Qe2 f5 28.
exf6 Nxf6 29. Bf3 Qd6 30. Be1 g6 31. h4 Kg7 32. d5 e5 33. g3 a3 34. Bg2 Nd7 35.
Bh3 bxa2 36. Qxa2 Rxb1 37. Rxb1 Rc7 38. Bd2 Nf6 39. Bg2 Qd7 40. Bc1 Qa4 41. Nc2
Bc5 42. Bxa3 Ng4 43. d6 Rf7 44. Rf1 Nxf2 45. Qb2 Nd3+ 46. Bxc5 Rxf1+ 47. Bxf1
Nxb2 48. Ne3 Bc8 49. Bb4 Nd3 50. Nxc4 Nxb4 51. cxb4 Qxb4 52. Kf2 Be6 53. d7
Bxd7 54. Ne3 Qd2+ 0-1

[Event "Druga liga Srbije- Grupa Vojvodina 2014"]
[Site "Kac, hotel "]
[Date "2014.11.11"]
[Round "5.1"]
[White "Tomic, Vjekoslav"]
[Black "Vranic, Ljubomir"]
[Result "1/2-1/2"]
[WhiteElo "2237"]
[BlackElo "2187"]
[PlyCount "129"]
[EventDate "2014.11.08"]

1. e4 d6 2. d4 Nf6 3. Nc3 Nbd7 4. f4 e5 5. Nf3 c6 6. a4 a5 7. Be2 Qb6 8. Qd3
Be7 9. Be3 Ng4 10. Bd2 Bf6 11. Nxe5 Ndxe5 12. fxe5 dxe5 13. Bxg4 Bxg4 14. d5
O-O 15. Be3 Qa6 16. Qxa6 Rxa6 17. O-O Rc8 18. Rac1 Be7 19. h3 Bh5 20. dxc6 bxc6
21. Rf5 Bg6 22. Rxe5 Bd6 23. Rg5 f6 24. Rg4 h5 25. e5 hxg4 26. exd6 gxh3 27.
gxh3 Bf5 28. h4 Re8 29. Kf2 Raa8 30. Ne2 Bd7 31. Nd4 Re4 32. Nb3 Rae8 33. Re1
R4e6 34. Nxa5 Rxd6 35. Nb7 Rd5 36. Nc5 Rxe3 37. Rxe3 Rxc5 38. c3 Kf7 39. Re4
Be6 40. Rb4 Rc4 41. Rb7+ Kg6 42. a5 Ra4 43. Rb6 Bd5 44. a6 Kh5 45. Ke3 Kxh4 46.
Rb4+ Rxb4 47. cxb4 Bg2 48. Kd4 c5+ 49. bxc5 f5 50. b4 f4 51. a7 Ba8 52. b5 f3
53. c6 f2 54. c7 f1=Q 55. c8=Q Qf2+ 56. Kd3 Qxa7 57. Qd8+ Kh5 58. Qh8+ Kg6 59.
Qe8+ Kf6 60. Qf8+ Ke6 61. Qe8+ Kd6 62. Qd8+ Ke5 63. Qg5+ Kd6 64. Qg6+ Ke5 65.
Qg3+ 1/2-1/2

[Event "Druga liga Srbije- Grupa Vojvodina 2014"]
[Site "Kac, hotel "]
[Date "2014.11.11"]
[Round "5.1"]
[White "Agoston, Aron"]
[Black "Mehandzic, Georgije"]
[Result "0-1"]
[WhiteElo "2167"]
[BlackElo "2098"]
[PlyCount "86"]
[EventDate "2014.11.08"]

1. e4 c6 2. d4 d5 3. exd5 cxd5 4. Bd3 Nc6 5. c3 g6 6. Bf4 Bg7 7. Nd2 f6 8. h4
e5 9. dxe5 fxe5 10. Bg5 Nge7 11. h5 Qd6 12. Qa4 Bd7 13. O-O-O Nd4 14. Bxe7 Kxe7
15. Qa5 b6 16. Qa6 Nc6 17. Bb5 gxh5 18. Ne2 Rac8 19. Kb1 Nb8 20. Qxa7 Rc7 21.
Qa4 Bf5+ 22. Ka1 Nd7 23. Ng3 Bg6 24. Nde4 Qe6 25. Ng5 Qf6 26. Rxd5 Nc5 27. Qh4
Ra8 28. N5e4 Qxh4 29. Rxh4 Bf6 30. Nxc5 Bxh4 31. Na6 Rca7 32. Rxe5+ Kd6 33. Re1
Rxa6 34. Bxa6 Rxa6 35. Rh1 Bxg3 36. fxg3 Ra5 37. Re1 Rg5 38. Re3 h4 39. gxh4
Rxg2 40. a4 Rh2 41. b4 Rxh4 42. Kb2 Rh2+ 43. Ka3 Bf7 0-1

[Event "Druga liga Srbije- Grupa Vojvodina 2014"]
[Site "Kac, hotel "]
[Date "2014.11.11"]
[Round "5.2"]
[White "Veljkovic, Vojislav"]
[Black "Indjic, Aleksandar"]
[Result "0-1"]
[WhiteElo "2224"]
[BlackElo "2538"]
[PlyCount "84"]
[EventDate "2014.11.08"]

1. Nf3 g6 2. g3 Bg7 3. Bg2 e5 4. d3 d5 5. O-O Ne7 6. e4 d4 7. Nh4 Nec6 8. Qe1
Be6 9. f4 f6 10. Qe2 Nd7 11. c4 a5 12. b3 Nc5 13. Ba3 Nb4 14. Bxb4 axb4 15. Nd2
O-O 16. Nhf3 Ra3 17. Nb1 Ra6 18. Qc2 exf4 19. gxf4 Bh6 20. Ne1 Qd6 21. Nd2 Bxf4
22. Ndf3 Rfa8 23. a4 b5 24. cxb5 Bxb3 25. bxa6 Bxc2 26. Nxc2 b3 27. Ncxd4 Be3+
28. Kh1 Bxd4 29. e5 fxe5 30. Nxd4 Rxa6 31. Nb5 Qd7 32. Nc3 b2 33. Bd5+ Kg7 34.
Rab1 Nxa4 35. Rf7+ Qxf7 36. Bxf7 Nxc3 37. Rxb2 Kxf7 38. Rb7 Nd5 39. Kg2 Ke6 40.
Rb3 Nf4+ 41. Kf3 Rd6 42. Kg4 Kf6 0-1

[Event "Druga liga Srbije- Grupa Vojvodina 2014"]
[Site "Kac, hotel "]
[Date "2014.11.11"]
[Round "5.2"]
[White "Vukic, Milan"]
[Black "Grujic, Zoran"]
[Result "1/2-1/2"]
[WhiteElo "2396"]
[BlackElo "2322"]
[PlyCount "59"]
[EventDate "2014.11.08"]

1. Nf3 Nf6 2. g3 d5 3. Bg2 c6 4. b3 Bg4 5. Bb2 Nbd7 6. O-O e6 7. c4 Be7 8. d4
O-O 9. Nc3 Re8 10. Re1 h6 11. e4 dxe4 12. Nxe4 Nxe4 13. Rxe4 Bf5 14. Re2 Bf6
15. Qd2 Qc7 16. Rae1 Red8 17. Qc1 Rac8 18. Bc3 c5 19. dxc5 Bxc3 20. Qxc3 Qxc5
21. Nd2 b6 22. b4 Qd6 23. Rc1 Nf6 24. Ne4 Bxe4 25. Bxe4 Qd4 26. Bb7 Qxc3 27.
Rxc3 Rc7 28. Ba6 Rd4 29. a3 Nd7 30. Bb5 1/2-1/2

[Event "Druga liga Srbije- Grupa Vojvodina 2014"]
[Site "Kac, hotel "]
[Date "2014.11.11"]
[Round "5.2"]
[White "Savanovic, Vuk"]
[Black "Elez, Nikola"]
[Result "1/2-1/2"]
[WhiteElo "2292"]
[BlackElo "2168"]
[PlyCount "139"]
[EventDate "2014.11.08"]

1. e4 c5 2. Nf3 d6 3. d4 cxd4 4. Nxd4 Nf6 5. Nc3 g6 6. Be3 Bg7 7. f3 O-O 8. Bc4
Nc6 9. Qd2 Bd7 10. O-O-O Rb8 11. Bb3 Na5 12. Bh6 Bxh6 13. Qxh6 b5 14. Nd5 Nxb3+
15. Nxb3 Nxd5 16. exd5 e5 17. dxe6 Bxe6 18. Kb1 Bxb3 19. axb3 Re8 20. Rhe1 Qc7
21. Qf4 Re5 22. h4 Rbe8 23. Rxe5 dxe5 24. Qb4 a6 25. h5 Kg7 26. Qh4 h6 27. hxg6
fxg6 28. Qe4 Re7 29. Rd5 Qc6 30. Qd3 Qf6 31. Rd6 Qf5 32. Qc3 Qh5 33. g4 Qg5 34.
Rxa6 h5 35. gxh5 gxh5 36. Qc8 h4 37. Ra8 Qg1+ 38. Ka2 Ra7+ 39. Rxa7+ Qxa7+ 40.
Kb1 Qg1+ 41. Ka2 Qa7+ 42. Kb1 Qg1+ 43. Ka2 Qg3 44. c4 bxc4 45. bxc4 h3 46. Qd7+
Kf6 47. Qd8+ Kf5 48. Qf8+ Kg5 49. Qg7+ Kf4 50. Qh6+ Kxf3 51. c5 h2 52. c6 Kg2
53. Qd2+ Qf2 54. Qg5+ Kf1 55. Qc1+ Qe1 56. Qc4+ Qe2 57. Qc1+ Kg2 58. Qg5+ Kh3
59. Qh6+ Kg2 60. Qg5+ Kf2 61. Qh4+ Kg1 62. Qg5+ Kf1 63. Qc1+ Qe1 64. Qc4+ Kg2
65. Qg4+ Qg3 66. Qe2+ Kg1 67. Qd1+ Kg2 68. Qe2+ Qf2 69. Qg4+ Kf1 70. Qd1+
1/2-1/2

[Event "Druga liga Srbije- Grupa Vojvodina 2014"]
[Site "Kac, hotel "]
[Date "2014.11.11"]
[Round "5.2"]
[White "Gavric, Zivojin"]
[Black "Banovic, Ivan"]
[Result "1/2-1/2"]
[WhiteElo "2104"]
[BlackElo "2226"]
[PlyCount "67"]
[EventDate "2014.11.08"]

1. d4 Nf6 2. Nf3 g6 3. Bf4 Bg7 4. e3 O-O 5. Be2 d6 6. O-O Nbd7 7. Nbd2 Qe8 8.
h3 e5 9. Bh2 Qe7 10. c3 Re8 11. dxe5 dxe5 12. e4 b6 13. Qc2 Bb7 14. Rfe1 Nh5
15. Rad1 Rad8 16. b4 Nf4 17. Bf1 Nf8 18. Nc4 f6 19. Ne3 Kh8 20. Bxf4 exf4 21.
Nd5 Qd6 22. Bc4 Bxd5 23. exd5 f5 24. Bb3 h6 25. Rxe8 Rxe8 26. Qd2 Re4 27. Re1
Nd7 28. c4 Qf6 29. Bc2 Rxe1+ 30. Qxe1 Qa1 31. Qxa1 Bxa1 32. b5 Ne5 33. Nxe5
Bxe5 34. Kf1 1/2-1/2

[Event "Druga liga Srbije- Grupa Vojvodina 2014"]
[Site "Kac, hotel "]
[Date "2014.11.11"]
[Round "5.2"]
[White "Krejic, Igor"]
[Black "Zobenica, Ivan"]
[Result "1-0"]
[WhiteElo "2213"]
[BlackElo "2106"]
[PlyCount "105"]
[EventDate "2014.11.08"]

1. e4 d6 2. d4 Nd7 3. Nf3 c6 4. a4 e5 5. Bc4 Be7 6. c3 Bf6 7. Qb3 Qe7 8. O-O
Nb6 9. Bd3 Be6 10. Qb4 Qc7 11. a5 Nd7 12. Na3 Bg4 13. Ne1 Ne7 14. f3 Be6 15. f4
g6 16. d5 cxd5 17. f5 gxf5 18. exf5 a6 19. fxe6 fxe6 20. Qg4 e4 21. Be2 Qc5+
22. Kh1 Nf5 23. Qh5+ Ke7 24. Nac2 Rag8 25. Rxf5 exf5 26. Ne3 Ne5 27. Nxf5+ Kd8
28. Nd4 Qc8 29. Nec2 Rg6 30. Bf4 Rhg8 31. Ne3 Qd7 32. Nxd5 Bg5 33. Rd1 Qf7 34.
Bxg5+ Rxg5 35. Qxf7 Nxf7 36. Ne6+ Ke8 37. Nxg5 Rxg5 38. Bh5 e3 39. Bxf7+ Kxf7
40. c4 e2 41. Re1 Rg4 42. Ne3 Rg5 43. b4 Re5 44. Rxe2 Re4 45. Kg1 d5 46. cxd5
Rxb4 47. Rc2 Ke8 48. Rc7 h5 49. Kf2 Kd8 50. Rh7 Ra4 51. Rxb7 Rxa5 52. Kf3 Ra4
53. Nf5 1-0

[Event "Druga liga Srbije- Grupa Vojvodina 2014"]
[Site "Kac, hotel "]
[Date "2014.11.11"]
[Round "5.2"]
[White "Cecaric, Milan"]
[Black "Pavlik, Goran"]
[Result "0-1"]
[WhiteElo "2019"]
[BlackElo "2195"]
[PlyCount "126"]
[EventDate "2014.11.08"]

1. e4 d5 2. exd5 Nf6 3. Nf3 Nxd5 4. Bc4 Bg4 5. h3 Bh5 6. g4 Bg6 7. Ne5 e6 8.
Qf3 Be7 9. Nc3 c6 10. Nxg6 hxg6 11. d3 Nd7 12. Bb3 Nc5 13. Be3 Nxb3 14. axb3
Nxc3 15. bxc3 Bf6 16. O-O Bxc3 17. Rxa7 Rxa7 18. Bxa7 Qa5 19. d4 O-O 20. Bc5
Rd8 21. Qe3 Bd2 22. Qe4 b6 23. Be7 Rd7 24. Bh4 Qc3 25. Rd1 Rxd4 26. Qe2 b5 27.
Kg2 Rd5 28. Qe4 g5 29. Bg3 Rd4 30. Qf3 Qxc2 31. Ra1 Qe4 32. Ra8+ Kh7 33. Qxe4+
Rxe4 34. Rc8 Rb4 35. Rxc6 Rxb3 36. Rc7 Kg6 37. h4 gxh4 38. Bxh4 Rb4 39. Kf3
Rf4+ 40. Kg3 Rc4 41. Rb7 b4 42. Be7 Rc3+ 43. f3 Rc1 44. Kf2 Rb1 45. Ke2 Bc3 46.
f4 Rb2+ 47. Kf3 b3 48. Ke4 f5+ 49. gxf5+ exf5+ 50. Kd3 Bf6 51. Rb6 Kh5 52. Bxf6
gxf6 53. Rxf6 Kg4 54. Ke3 Rg2 55. Rg6+ Kh3 56. Rh6+ Kg3 57. Rg6+ Kh2 58. Rh6+
Kg1 59. Rb6 b2 60. Kd4 Re2 61. Kd3 Kf2 62. Kc3 Kf3 63. Rb4 Ke3 0-1

[Event "Druga liga Srbije- Grupa Vojvodina 2014"]
[Site "Kac, hotel "]
[Date "2014.11.11"]
[Round "5.3"]
[White "Leskur, Dejan"]
[Black "Czebe, Attila"]
[Result "1-0"]
[WhiteElo "2382"]
[BlackElo "2437"]
[PlyCount "53"]
[EventDate "2014.11.08"]

1. e4 g6 2. d4 Bg7 3. Nc3 Nc6 4. Be3 d5 5. e5 f6 6. f4 Nh6 7. Nf3 Bg4 8. Be2
Nf5 9. Bf2 Bh6 10. g3 fxe5 11. dxe5 e6 12. h4 Bxf3 13. Bxf3 O-O 14. Kf1 Nxg3+
15. Bxg3 Bxf4 16. Kg2 Nxe5 17. Bf2 d4 18. Ne4 Be3 19. Bxe3 Nxf3 20. Bg5 Qd5 21.
Qe2 Ne5 22. Raf1 Rf5 23. Kh3 Raf8 24. Bh6 Rf3+ 25. Rxf3 Nxf3 26. Bxf8 Qf5+ 27.
Kg3 1-0

[Event "Druga liga Srbije- Grupa Vojvodina 2014"]
[Site "Kac, hotel "]
[Date "2014.11.11"]
[Round "5.3"]
[White "Tancik, Kristijan"]
[Black "Robulj, Nenad"]
[Result "1/2-1/2"]
[WhiteElo "2255"]
[BlackElo "2329"]
[PlyCount "87"]
[EventDate "2014.11.08"]

1. d4 d5 2. c4 Bf5 3. cxd5 Bxb1 4. Qa4+ c6 5. dxc6 Nxc6 6. Rxb1 e5 7. Bd2 exd4
8. g3 Qd5 9. Nf3 Bc5 10. Bg2 Nge7 11. O-O Bb6 12. b4 O-O 13. b5 Nd8 14. Bb4 Qd7
15. Rfd1 Ne6 16. Qa3 Rfe8 17. Ne5 Qc7 18. Bd6 Bc5 19. Bxc7 Bxa3 20. Ba5 Rab8
21. Nd7 Rbc8 22. Bxb7 Rc2 23. Rd2 Rc4 24. Rd3 Ra4 25. Be1 Rd8 26. Bc6 Bd6 27.
Rd2 Rc4 28. Rdb2 Nxc6 29. bxc6 Rxc6 30. Rb7 Bc7 31. Nb8 Rc2 32. Na6 Bb6 33. Nb4
Rxe2 34. Kf1 d3 35. Nxd3 Rxa2 36. Nb4 Ra4 37. Nc6 Re8 38. Ne7+ Kf8 39. Nd5 Bc5
40. Nc3 Ra6 41. Ne4 Kg8 42. Nxc5 Nxc5 43. Rc7 Ne6 44. Rd7 1/2-1/2

[Event "Druga liga Srbije- Grupa Vojvodina 2014"]
[Site "Kac, hotel "]
[Date "2014.11.11"]
[Round "5.3"]
[White "Joksimovic, Dragoljub"]
[Black "Bulajic, Ratko"]
[Result "1-0"]
[WhiteElo "2205"]
[BlackElo "2292"]
[PlyCount "61"]
[EventDate "2014.11.08"]

1. g3 d6 2. Bg2 g6 3. c4 Bg7 4. Nc3 e5 5. e3 f5 6. Nge2 Nf6 7. O-O O-O 8. d3 a5
9. Bd2 c6 10. Rb1 Na6 11. f4 Re8 12. e4 Qb6+ 13. Kh1 Ng4 14. Be1 Nb4 15. Qd2
Ne3 16. Rf3 Nxg2 17. Kxg2 Be6 18. Bf2 Qc7 19. a3 Na6 20. b4 axb4 21. axb4 fxe4
22. Nxe4 d5 23. Ng5 Bg4 24. Re3 d4 25. Re4 Bf5 26. fxe5 h6 27. Nf3 Bxe4 28.
dxe4 c5 29. bxc5 Nxc5 30. Qxd4 Ne6 31. Qd5 1-0

[Event "Druga liga Srbije- Grupa Vojvodina 2014"]
[Site "Kac, hotel "]
[Date "2014.11.11"]
[Round "5.3"]
[White "Dekic, Josip"]
[Black "Besedes, Danilo"]
[Result "1/2-1/2"]
[WhiteElo "2272"]
[BlackElo "2113"]
[PlyCount "63"]
[EventDate "2014.11.08"]

1. e4 e6 2. d4 d5 3. e5 c5 4. c3 Nc6 5. Nf3 Bd7 6. Be2 Nge7 7. O-O Ng6 8. g3
Be7 9. h4 O-O 10. Na3 cxd4 11. cxd4 f6 12. exf6 Bxf6 13. Nc2 Qb6 14. b4 Rac8
15. Rb1 a6 16. Bd3 Nge7 17. Bg5 Nf5 18. Bxf5 exf5 19. Ne3 Be6 20. Bxf6 Rxf6 21.
Ng2 Bf7 22. Nf4 h6 23. Re1 Rd8 24. Qd2 Qc7 25. Rbc1 Qd6 26. a3 Rd7 27. Rc3 Re7
28. Rce3 Re4 29. Rd3 Qe7 30. Ree3 Rd6 31. h5 Qf6 32. Qb2 1/2-1/2

[Event "Druga liga Srbije- Grupa Vojvodina 2014"]
[Site "Kac, hotel "]
[Date "2014.11.11"]
[Round "5.3"]
[White "Cvetkovic, Slavko"]
[Black "Tokovic, Svetozar"]
[Result "1/2-1/2"]
[WhiteElo "2217"]
[BlackElo "2235"]
[PlyCount "100"]
[EventDate "2014.11.08"]

1. d4 Nf6 2. Nf3 e6 3. c3 b6 4. Bf4 Bb7 5. e3 Be7 6. h3 O-O 7. Be2 d6 8. O-O
Nbd7 9. Bh2 h6 10. Nbd2 Ne4 11. Nxe4 Bxe4 12. Nd2 Bb7 13. Bf3 Bxf3 14. Qxf3 d5
15. e4 dxe4 16. Nxe4 Nf6 17. Nxf6+ Bxf6 18. Rad1 Qd7 19. Bf4 Be7 20. Rfe1 Bd6
21. Bc1 Qb5 22. Qe4 Qd5 23. Qb1 c5 24. dxc5 Qxc5 25. Be3 Qc6 26. Rd3 Rad8 27.
Red1 Be7 28. Rxd8 Rxd8 29. Rxd8+ Bxd8 30. Qd3 Bf6 31. a3 Qa4 32. g3 Qc6 33. Bd2
Qa4 34. Bc1 Qb3 35. Kg2 Qa4 36. h4 Qc6+ 37. Qf3 Qd7 38. Qa8+ Kh7 39. Qe4+ g6
40. Qf3 Bg7 41. h5 g5 42. g4 f5 43. Be3 b5 44. Qa8 a5 45. Qf3 a4 46. Qa8 Qd3
47. Qb7 e5 48. gxf5 Qxf5 49. Qf3 Qd7 50. Qe4+ Kg8 1/2-1/2

[Event "Druga liga Srbije- Grupa Vojvodina 2014"]
[Site "Kac, hotel "]
[Date "2014.11.11"]
[Round "5.3"]
[White "Roganovic, Nebojsa"]
[Black "Mitrovic, Zivadin"]
[Result "1/2-1/2"]
[WhiteElo "2197"]
[BlackElo "2186"]
[PlyCount "89"]
[EventDate "2014.11.08"]

1. e4 d5 2. exd5 Nf6 3. Bb5+ Bd7 4. Be2 Nxd5 5. d4 e6 6. Nf3 Be7 7. O-O O-O 8.
c4 Nf6 9. Nc3 Bc8 10. Bf4 a6 11. Qb3 b6 12. Rfd1 Bb7 13. Rac1 Nbd7 14. a3 Ne4
15. Nxe4 Bxe4 16. Qe3 Bb7 17. d5 Bc5 18. Qd2 exd5 19. cxd5 Nf6 20. b4 Bd6 21.
Bg5 h6 22. Bh4 Re8 23. Nd4 Re4 24. Bg3 Bxg3 25. hxg3 Bxd5 26. Bf3 Re8 27. Nc6
Bxc6 28. Bxc6 Qxd2 29. Rxd2 Rad8 30. Rdc2 Re7 31. f3 Rd3 32. a4 Rb3 33. b5 axb5
34. axb5 Nd7 35. Rd2 Nc5 36. Rd8+ Kh7 37. Rcd1 Rb2 38. R8d2 Rxd2 39. Rxd2 Kg6
40. g4 Kf6 41. Kf2 Re6 42. Rd8 Re7 43. Rd4 g6 44. Rf4+ Ke5 45. Rc4 1/2-1/2

[Event "Druga liga Srbije- Grupa Vojvodina 2014"]
[Site "Kac, hotel "]
[Date "2014.11.11"]
[Round "5.4"]
[White "Sertic, Rudolf"]
[Black "Del Rey, Diego"]
[Result "1-0"]
[WhiteElo "2336"]
[BlackElo "2379"]
[PlyCount "87"]
[EventDate "2014.11.08"]

1. c4 c6 2. d4 d5 3. Nf3 Nf6 4. Nbd2 g6 5. g3 Bg7 6. Bg2 O-O 7. O-O dxc4 8.
Nxc4 Be6 9. Qc2 Bd5 10. Ncd2 Na6 11. a3 Ne8 12. e3 Rc8 13. Bh3 f5 14. b4 c5 15.
Qa4 cxd4 16. exd4 Nd6 17. Bb2 Qe8 18. Qd1 e6 19. Re1 Nb8 20. Bg2 Nd7 21. Ng5
Bxg2 22. Kxg2 Rf6 23. Qb3 Bh6 24. f4 Nf8 25. d5 Bxg5 26. fxg5 Rf7 27. Bf6 e5
28. Rxe5 Qb5 29. a4 Qb6 30. Re2 h6 31. Rae1 Nh7 32. Ba1 hxg5 33. Re6 Nf8 34.
Qb2 Rh7 35. Re7 Nf7 36. Nf3 Rc7 37. R7e6 Nxe6 38. Rxe6 Nd6 39. a5 Qb5 40. Rxd6
Qe8 41. Re6 Qd8 42. Rxg6+ Kf8 43. d6 Rcd7 44. Nxg5 1-0